| 000 | 01098nac a22004450a 4500 | ||
|---|---|---|---|
| 001 | PT54361 | ||
| 003 | AR-LpoUNG | ||
| 005 | 20210201005530.0 | ||
| 008 | 201001s1995||||sp |||||||||||||||||spa d | ||
| 020 |
_a847583910X _c$28 |
||
| 040 |
_aAR-LpoUNG _bspa _eaacr |
||
| 041 | _aspa | ||
| 044 | _asp | ||
| 082 | 0 | _aR909 794jap-v2 | |
| 100 | 1 | _aCollcut, Martín | |
| 245 | 1 | 0 |
_aJapón : _bel imperio del sol naciente |
| 260 |
_aBarcelona : _bFolio, _c1995. |
||
| 300 |
_a[108] p. : _bil., mapas, gráfs., fot. _3Impreso |
||
| 490 | 0 | _aAtlas culturales del mundo | |
| 650 | 4 | _aANALISIS HISTORICO | |
| 650 | 4 | _aARTE | |
| 650 | 4 | _aASPECTOS POLITICOS | |
| 650 | 4 | _aATLAS | |
| 650 | 4 | _aCIVILIZACION | |
| 650 | 4 | _aCOMERCIO | |
| 650 | 4 | _aCULTURA | |
| 650 | 4 | _aFACTORES CULTURALES | |
| 650 | 4 | _aGOBIERNO | |
| 650 | 4 | _aGUERRA | |
| 650 | 4 | _aHISTORIA | |
| 650 | 4 | _aJAPON | |
| 650 | 4 | _aMATERIAL DE REFERENCIA | |
| 650 | 4 | _aRELIGION | |
| 650 | 4 | _aSOCIEDAD | |
| 651 | 4 | _aMundial | |
| 700 | 1 | _aJansen, Marius | |
| 700 | 1 | _aKumakura, Isao | |
| 905 | _a54361 | ||
| 942 | _cLSALA | ||
| 999 |
_c50097 _d50097 |
||